| 000 | 00431nam a2200145Ia 4500 | ||
|---|---|---|---|
| 003 | OSt | ||
| 005 | 20260202154034.0 | ||
| 008 | 211028s2019 xx 000 0 und d | ||
| 040 | _cAIMIT LIBRARY | ||
| 041 | _aeng | ||
| 100 |
_aDcunha, Deril; Kamath, T Ramesh. _g1716059 _98038 |
||
| 245 | _aEffectiveness of promotional strategies adopted by Campco Limited Puttur / | ||
| 260 |
_aMangalore _bRajani Suresh _c2019 |
||
| 942 |
_2ddc _cBK |
||
| 999 |
_c219606 _d219606 |
||